Dusičnany v zelenine /
| Hlavní autor: | Prugar, Jaroslav, 1928-2012 |
|---|---|
| Jazyk: | Slovenština |
| Vydáno: |
Bratislava : Príroda, 1985 |
| Vydání: | 1. vyd. |
| Fyzický popis: |
150 s. |
| LEADER | 00600nam a22002052a 4500 | ||
|---|---|---|---|
| 001 | 000099265 | ||
| 003 | CZ BrMZK | ||
| 005 | 19961101143423.0 | ||
| 007 | ta | ||
| 008 | 950101s1985 xo f slo d | ||
| 040 | |a BOA001 |b cze | ||
| 080 | |a 633.4 |2 MRF | ||
| 100 | 1 | |a Prugar, Jaroslav, |d 1928-2012 |7 jk01101416 | |
| 245 | 1 | 0 | |a Dusičnany v zelenine / |c J. Prugar, A. Prugarová |
| 250 | |a 1. vyd. | ||
| 260 | |a Bratislava : |b Príroda, |c 1985 | ||
| 300 | |a 150 s. | ||
| 910 | |a BOA001 |b 2-0900.651 | ||
| 990 | |a BK | ||
| 996 | 7 | |b 2619994581 |c 2-0900.651 |l MZK |r Sklad / do 1 hodiny |n 24 |w 000099265 |u 000010 |a 1 |e BOA001 |j MZK50 |s A | |
English
Čeština 